Memoria leída en la Real Academia de Jurisprudencia y Legislación en la sesión inaugural del curso 1884 a 1885 / (Record no. 23456)
[ view plain ]
| 000 -LEADER | |
|---|---|
| campo de control de longitud fija | 00869nam a2200205 i 4500 |
| 001 - NÚMERO DE CONTROL | |
| campo de control | 23456 |
| 003 - IDENTIFICADOR DE NÚMERO DE CONTROL | |
| campo de control | ES-MaACL |
| 005 - FECHA Y HORA DE LA ÚLTIMA TRANSACCIÓN | |
| campo de control | 20260127062523.0 |
| 007 - CAMPO FIJO DE DESCRIPCIÓN FÍSICA--INFORMACIÓN GENERAL | |
| campo de control de longitud fija | t| |
| 008 - DATOS DE LONGITUD FIJA--INFORMACIÓN GENERAL | |
| campo de control de longitud fija | 021210s1884 sp ||||1| spa d |
| 100 1# - ENTRADA PRINCIPAL--NOMBRE DE PERSONA | |
| Nombre de persona | Allende Salazar, Angel. |
| 9 (RLIN) | 20014 |
| 245 10 - MENCIÓN DEL TÍTULO | |
| Título | Memoria leída en la Real Academia de Jurisprudencia y Legislación en la sesión inaugural del curso 1884 a 1885 / |
| Mención de responsabilidad, etc. | por Angel Allende Salazar y Muñoz de Salazar, secretario general de la misma. |
| 260 ## - PUBLICACIÓN, DISTRIBUCIÓN, ETC. | |
| Lugar de publicación, distribución, etc. | Madrid : |
| Nombre del editor, distribuidor, etc. | [s.n.], |
| Fecha de publicación, distribución, etc. | 1884 ( |
| Fabricante | Imp. Ministerio de Gracia y Justicia) |
| 300 ## - DESCRIPCIÓN FÍSICA | |
| Extensión | 71 p. ; |
| Dimensiones | 23 cm. |
| 610 2# - PUNTO DE ACCESO ADICIONAL DE MATERIA--NOMBRE DE ENTIDAD CORPORATIVA | |
| Nombre de entidad corporativa o nombre de jurisdicción como elemento de entrada | Real Academia de Jurisprudencia y Legislación de España- |
| Subdivisión de forma | Memorias. |
| 9 (RLIN) | 150092 |
| 700 ## - ENTRADA AGREGADA--NOMBRE PERSONAL | |
| Nombre de persona | Real Academia de Jurisprudencia y Legislación de España |
| 9 (RLIN) | 217612 |
| 852 ## - LOCALIZACIÓN | |
| Ubicación | ES-MaACL |
| Número de control de estantería | L-4909(16-4) |
| Nota libre | .- Donativo Roda |
| 852 ## - LOCALIZACIÓN | |
| Ubicación | ES-MaACL |
| Número de control de estantería | T-380-F-5 |
| Estatus retirado | Estado de pérdida | Estado de daño | No para préstamo | Colección | Biblioteca de origen | Biblioteca actual | Ubicación en estantería | Fecha de adquisición | Fuente de adquisición | Total de préstamos | Signatura topográfica completa | Código de barras | Visto por última vez | Precio de reemplazo | Tipo de ítem Koha |
|---|---|---|---|---|---|---|---|---|---|---|---|---|---|---|---|
| Colección de folletos | Biblioteca del Ateneo de Madrid | Biblioteca del Ateneo de Madrid | Depósito folletos | 01/02/2010 | T-380-F-5 | 1182585 | 23/02/2023 | 23/02/2023 | Folleto | ||||||
| Libros del s. XIX | Biblioteca del Ateneo de Madrid | Biblioteca del Ateneo de Madrid | Depósito 2 | 17/01/2008 | L-4909(16-4) | 1024168 | 23/02/2023 | 23/02/2023 | Libro impreso antiguo |
